La Biblia: un enfoque judío moderno
محفوظ في:
| المؤلف الرئيسي: | |
|---|---|
| التنسيق: | كتاب |
| اللغة: | الإسبانية |
| منشور في: |
Buenos Aires
Paidós
1963
|
| سلاسل: | Biblioteca del Hombre Contemporáneo, 99
|
| الموضوعات: | |
| الوسوم: |
إضافة وسم
لا توجد وسوم, كن أول من يضع وسما على هذه التسجيلة!
|
MARC
| LEADER | 00000nam a2200000 a 4500 | ||
|---|---|---|---|
| 001 | UCL1824 | ||
| 003 | CL-VaPUC | ||
| 008 | 030926e19630000AG |||||||||||||||||spa|d | ||
| 082 | 0 | 4 | |a 220 |b BAM |2 21 |
| 100 | 0 | |a Bamberger, Bernard J |e author |9 478657 | |
| 245 | 1 | 3 | |a La Biblia: un enfoque judío moderno |
| 300 | |a 137 p | ||
| 942 | |c BK | ||
| 945 | |d 20030926 00:00:00 |a vberengu | ||
| 260 | |a Buenos Aires |b Paidós |c 1963 | ||
| 650 | 0 | |a Biblia |9 257603 | |
| 583 | |a last modification |c 20030926 00:00:00 |k Rodrigo Vera | ||
| 490 | 0 | |a Biblioteca del Hombre Contemporáneo, 99 | |
| 999 | |c 305264 |d 305262 | ||
| 952 | |0 0 |1 2 |4 0 |6 220_000000000000000_BAM_1963 |7 0 |8 A |9 368391 |a BIBTEO |b BIBTEO |d 2019-11-21 |i 2079208 |o 220 BAM 1963 |p 2079208 |r 2019-11-21 |w 2019-11-21 |x Descarte 2019 |y BK |k ICR | ||